000 02090nam0a2200385 4500
001 RU\NLR\BIBL_A\022671054
005 20260420060432.0
010 _a978-5-6050059-9-5
_9500
021 _aRU
_bАЛ-П-25-00667и
_9АЛ-П-25-0140
035 _a(NLR Aleph) 022671054
090 _a13686229
_c13686229
100 _a20251121d2024 u y0rusy50 ca
101 0 _arus
102 _aRU
105 _aa b 000yy
181 0 _ab3
_bxb2e
181 0 _ai2
_baxxe
182 0 _an
200 1 _aАнна Быстрова. Озеро опять спокойно
_dAnna Bystrova. The lake has calmed again
_e[каталог к выставке, 15 августа - 15 сентября 2024, галерея "Триумф"
_fтекст: Кристина Романова]
_zeng
203 _aИзображение
_aТекст
_bвизуальные
_cнепосредственные
210 _aМосква
_cTriumph gallery
_d2024
215 _a53, [2] с.
_cцв. ил.
_d24
510 1 _aAnna Bystrova. The lake has calmed again
_zeng
600 1 _aБыстрова
_bА.
_f1994
_gАнна
_jКаталоги
_xВыставки
_yМосква, город
_z2024
_92698058
_3RU\NLR\AUTH\6601766677
601 0 2 _aТриумф, галерея
_cМосква, город
_jКаталоги
_xВыставки
_z2024
_92640891
_3RU\NLR\AUTH\6601745481
686 1 _aЩ143(2Р=Рус)8-8Быстрова л62
686 1 _aЩ101.3(2Р)-2Москва2Триумф, галерея л62
702 1 _4570
_7ca
_8rus
_aБыстрова
_bА.
_cхудожник
_f1994-
_gАнна
_92696525
_3RU\NLR\AUTH\770289802
702 1 _4570
_7ca
_8rus
_aРоманова
_bК.
_cкуратор проектов
_f1989-
_gКристина
_92696535
_3RU\NLR\AUTH\770289812
711 1 0 _aБыстрова,
_eМосква
_f2024
_gАнна
_hВыставка "Озеро опять спокойно"
_92688045
_3RU\NLR\AUTH\880635680
942 _cBOOK
980 _aNB